Skyring's builders' prices (Record no. 114459)
[ view plain ]
| 000 -LEADER | |
|---|---|
| fixed length control field | 00641cam a22001815a 4500 |
| 001 - CONTROL NUMBER | |
| control field | L156871 |
| 008 - FIXED-LENGTH DATA ELEMENTS--GENERAL INFORMATION | |
| fixed length control field | 120515s1859 xxk f 000 0 eng d |
| 035 ## - SYSTEM CONTROL NUMBER | |
| System control number | (Sirsi) u156871 |
| 041 0# - LANGUAGE CODE | |
| Language code of text/sound track or separate title | eng |
| 245 00 - TITLE STATEMENT | |
| Title | Skyring's builders' prices |
| Remainder of title | calculated from the prime cost of materials and labour; the new Buildings' Act, list of district surveyors; and a variety of useful information |
| 250 ## - EDITION STATEMENT | |
| Edition statement | 49th ed. |
| 260 ## - PUBLICATION, DISTRIBUTION, ETC. | |
| Place of publication, distribution, etc. | London |
| Name of publisher, distributor, etc. | W. H. Skyring |
| Date of publication, distribution, etc. | 1859 |
| 300 ## - PHYSICAL DESCRIPTION | |
| Extent | 158 p. |
| Other physical details | ill. |
| Dimensions | 22 cm. |
| 583 ## - ACTION NOTE | |
| Action | Condition reviewed |
| Time/date of action | 20120620 |
| Status | condition level 3 |
| 651 #4 - SUBJECT ADDED ENTRY--GEOGRAPHIC NAME | |
| Geographic name | Great Britain |
| Chronological subdivision | 1707- |
| 690 ## - LOCAL SUBJECT ADDED ENTRY--TOPICAL TERM (OCLC, RLIN) | |
| Topical term or geographic name as entry element | Construction management |
| 9 (RLIN) | 6230 |
| 942 ## - ADDED ENTRY ELEMENTS (KOHA) | |
| Suppress in OPAC | 0 |
| Withdrawn status | Lost status | Damaged status | Not for loan | Home library | Current library | Shelving location | Date acquired | Total Checkouts | Full call number | Barcode | Date last seen | Copy number | Price effective from | Koha item type |
|---|---|---|---|---|---|---|---|---|---|---|---|---|---|---|
| Historic collection | Historic collection | Historic collection | 24/07/2012 | PRICE OCTAVO 1859 SKYRING | 30077108 | 06/08/2019 | 1 | 06/08/2019 | Book |